| 000 | 00814cam a22002535a 4500 | ||
|---|---|---|---|
| 001 | 017435002 | ||
| 003 | OSt | ||
| 005 | 20160214105059.0 | ||
| 008 | 150702t2016 stka frb 001 0 eng d | ||
| 020 | _a9780723435556 | ||
| 040 |
_aStDuBDS _beng _cStDuBDS _dUk _dEG-ScBUE |
||
| 082 | 0 | 4 |
_a617.6 _222 _bSMI |
| 245 | 0 | 0 |
_aSmile design integrating esthetics and function / _cedited by Jonathan B. Levine. |
| 260 |
_aEdinburgh : _bElsevier, _cc.2016. |
||
| 300 |
_axiii, 306 p. : _bill. ; _c28 cm. |
||
| 490 | 0 |
_aEssentials of esthetic dentistry ; _vvolume 2 |
|
| 500 | _aIndex : p. 301-306. | ||
| 504 | _aIncludes bibliographical references. | ||
| 650 | 7 |
_aDentistry _xAesthetic aspects. _2BUEsh _932104 |
|
| 651 | _2BUEsh | ||
| 653 |
_bDDent _cFebruary2016 |
||
| 700 | 1 |
_aLevine, Jonathan B., _eeditor. |
|
| 942 | _2ddc | ||
| 999 |
_c21131 _d21103 |
||